| 000 | 00941nam a2200289 i 4500 | ||
|---|---|---|---|
| 003 | DO-SdBNP | ||
| 005 | 20240415104412.0 | ||
| 007 | ta | ||
| 008 | 240415s2023 pr o 000 j spa d | ||
| 020 | _a9789945637236 | ||
| 040 |
_aDO-SdBNP _bspa _cBNPHU _erda |
||
| 082 |
_bR621 _222 |
||
| 100 |
_aRivera, Nelson, _d1953- _927150 _eautor |
||
| 245 | 1 | 0 |
_aInconformes & disidentes : _barte puertorriqueño en el siglo XXI / _cNelson Ribera |
| 264 | 4 |
_aSan Juan, Puerto Rico : _bIsla Negra, _bCallejón, _c©2023. |
|
| 264 | 3 | _bBúho, | |
| 300 |
_a101 páginas, _bfotografías _c23 cm. |
||
| 336 |
_2rdacontent _atexto _btxt |
||
| 337 |
_2rdamedia _asin mediación _bn |
||
| 338 |
_2rdacarrier _avolumen _bnc |
||
| 490 | 1 | _aVisiones y cegueras | |
| 500 | _aIncluye datos biografícos del autor en la solapa de la portada. | ||
| 500 | _aIncluye apéndice. | ||
| 590 | _aInventariado, 2024/ YL | ||
| 910 | _aYLockward | ||
| 942 |
_2ddc _cLBS1 |
||
| 999 |
_c56401 _d56401 |
||